[Event "Sarajevo Bosna op 45th"]
[Site "Sarajevo"]
[Date "2015.06.05"]
[Round "9"]
[White "Aleksic, Neven"]
[Black "Becirbasic, Atif"]
[Result "1-0"]
[WhiteElo "2034"]
[BlackElo "1843"]
[PlyCount "49"]
[EventDate "2015.05.30"]
[EventType "swiss"]
[EventRounds "9"]
[EventCountry "BIH"]
[SourceTitle "CBM 166 Extra"]
[Source "ChessBase"]
[SourceDate "2015.06.18"]
[SourceVersion "1"]
[SourceVersionDate "2015.06.18"]
[SourceQuality "1"]

1. d4 Nf6 2. c4 g6 3. Nc3 Bg7 4. e4 d6 5. Nf3 0-0 6. Be2 Bg4 7. 0-0 Nfd7 8. Bg5 Nc6 9. d5 Bxf3 10. Bxf3 Nd4 11. Be3 e5 12. dxe6 Nxf3+ 13. Qxf3 fxe6 14. Qh3 Qe7 15. f4 Nb6 16. Bxb6 axb6 17. Qd3 Rf7 18. Rf3 Raf8 19. Raf1 Qd7 20. b3 Qc6 21. Nb5 Bh6 22. Nd4 Qc5 23. Kh1 Rxf4 24. Nxe6 Rxf3 25. gxf3 1-0

[Event "Sarajevo Bosna op 45th"]
[Site "Sarajevo"]
[Date "2015.05.31"]
[Round "2"]
[White "Dedebas, Emre Emin"]
[Black "Becirbasic, Atif"]
[Result "1/2-1/2"]
[WhiteElo "2036"]
[BlackElo "1843"]
[PlyCount "84"]
[EventDate "2015.05.30"]
[EventType "swiss"]
[EventRounds "9"]
[EventCountry "BIH"]
[SourceTitle "CBM 166 Extra"]
[Source "ChessBase"]
[SourceDate "2015.06.18"]
[SourceVersion "1"]
[SourceVersionDate "2015.06.18"]
[SourceQuality "1"]

1. d4 Nf6 2. Nf3 g6 3. c4 Bg7 4. Nc3 0-0 5. e4 d6 6. h3 e5 7. dxe5 dxe5 8. Be3 c6 9. Qxd8 Rxd8 10. c5 Be6 11. Ng5 Re8 12. Nxe6 Rxe6 13. Bc4 Re8 14. 0-0-0 Nbd7 15. g4 h6 16. b4 a5 17. a3 axb4 18. axb4 Nf8 19. Kb2 Ne6 20. Bxe6 Rxe6 21. Rd2 Ree8 22. Rhd1 g5 23. f3 Kf8 24. Ne2 Ra4 25. Kb3 Rea8 26. Rd8+ Rxd8 27. Rxd8+ Ke7 28. Rb8 Ra7 29. Ng3 Kd7 30. b5 Kc7 31. b6+ Kxb8 32. bxa7+ Kxa7 33. Nf5 Bf8 34. h4 Nh7 35. Kc4 Kb8 36. Kb3 Kc7 37. Kc4 Kd7 38. h5 Nf6 39. Bd2 Ne8 40. Ba5 f6 41. Bb6 Kc8 42. Ba5 Kd7 1/2-1/2

[Event "Sarajevo Bosna op 45th"]
[Site "Sarajevo"]
[Date "2015.05.30"]
[Round "1"]
[White "Becirbasic, Atif"]
[Black "Djoric, Dusan"]
[Result "0-1"]
[WhiteElo "1843"]
[BlackElo "2268"]
[PlyCount "55"]
[EventDate "2015.05.30"]
[EventType "swiss"]
[EventRounds "9"]
[EventCountry "BIH"]
[SourceTitle "CBM 166 Extra"]
[Source "ChessBase"]
[SourceDate "2015.06.18"]
[SourceVersion "1"]
[SourceVersionDate "2015.06.18"]
[SourceQuality "1"]

1. e4 c5 2. Nf3 d6 3. d4 cxd4 4. Qxd4 Nc6 5. Bb5 e6 6. Nc3 Bd7 7. Bxc6 Bxc6 8. Bg5 Nf6 9. 0-0-0 Be7 10. Rhe1 Qa5 11. Kb1 0-0 12. Qd3 Rfd8 13. Bh4 Rac8 14. Nd4 Qh5 15. Bg3 d5 16. exd5 Nxd5 17. Nxc6 Nxc3+ 18. bxc3 Rxd3 19. Nxe7+ Kf8 20. Rxd3 Qb5+ 21. Ka1 Kxe7 22. Red1 f6 23. Bd6+ Kf7 24. Ba3 Rc7 25. g4 Qa4 26. Bd6 Rd7 27. h3 Qxc2 28. R1d2 0-1

[Event "BIH-chT 13th"]
[Site "Neum"]
[Date "2014.06.14"]
[Round "8.2"]
[White "Bogut, Zeljko"]
[Black "Becirbasic, Atif"]
[Result "1-0"]
[WhiteElo "2426"]
[BlackElo "1865"]
[PlyCount "39"]
[EventDate "2014.06.07"]
[EventType "team-tourn"]
[EventRounds "9"]
[EventCountry "BIH"]
[SourceTitle "CBM 160 Extra"]
[Source "ChessBase"]
[SourceDate "2014.07.01"]
[SourceVersion "1"]
[SourceVersionDate "2014.07.01"]
[SourceQuality "1"]
[WhiteTeam "Siroki Brijeg"]
[BlackTeam "Sarajevo Alpong"]
[WhiteTeamCountry "BIH"]
[BlackTeamCountry "BIH"]

1. e4 c5 2. Nf3 d6 3. d4 cxd4 4. Qxd4 Nc6 5. Bb5 Bd7 6. Bxc6 Bxc6 7. Nc3 Nf6 8. Bg5 e6 9. 0-0-0 Be7 10. Rhe1 0-0 11. Qd3 h6 12. Bf4 d5 13. e5 Nd7 14. Nd4 Qc7 15. Bxh6 gxh6 16. Nxe6 Bg5+ 17. Nxg5 hxg5 18. Qf5 Qd8 19. Nxd5 Bxd5 20. Rxd5 1-0

[Event "Sarajevo Bosna op-B 44th"]
[Site "Sarajevo"]
[Date "2014.06.04"]
[Round "7"]
[White "Becirbasic, Atif"]
[Black "Alic, Amir"]
[Result "0-1"]
[WhiteElo "1865"]
[BlackElo "1993"]
[PlyCount "134"]
[EventDate "2014.05.30"]
[EventType "swiss"]
[EventRounds "9"]
[EventCountry "BIH"]
[SourceTitle "CBM 160 Extra"]
[Source "ChessBase"]
[SourceDate "2014.07.01"]
[SourceVersion "1"]
[SourceVersionDate "2014.07.01"]
[SourceQuality "1"]

1. e4 e5 2. Nf3 Nc6 3. Nc3 Nf6 4. Bb5 d6 5. Bxc6+ bxc6 6. d4 exd4 7. Nxd4 Bd7 8. Qf3 Bg4 9. Qg3 Qd7 10. 0-0 c5 11. Nb3 Nh5 12. Qd3 Be6 13. Qe2 g6 14. f4 Bg4 15. Qf2 Be6 16. f5 Bc4 17. Re1 0-0-0 18. f6 Qe6 19. Na5 Ba6 20. Nd5 Bb7 21. Nxb7 Kxb7 22. Qf3 c6 23. Nc3 Qxf6 24. Qxf6 Nxf6 25. Bg5 Be7 26. Rf1 Ng8 27. Rxf7 Rd7 28. Rd1 Kc7 29. Bf4 g5 30. Bg3 Kd8 31. e5 Nh6 32. Rff1 d5 33. b3 Ng4 34. Rde1 h5 35. h3 Nh6 36. e6 Rb7 37. Be5 Rh7 38. Bf6 Bxf6 39. Rxf6 Ke7 40. Rg6 g4 41. Rf1 Rb8 42. Rff6 Ng8 43. Rf7+ Rxf7 44. exf7 Nf6 45. Rg7 Rf8 46. Na4 Ne4 47. hxg4 Kf6 48. Rg8 Rxf7 49. gxh5 Kf5 50. Rg6 Nf6 51. Nxc5 Rc7 52. g4+ Nxg4 53. Rxg4 Kxg4 54. Na6 Rh7 55. Nb4 Rh6 56. Kf2 Kf4 57. Ke2 Ke4 58. Kd2 a5 59. Nd3 Rxh5 60. b4 axb4 61. Nxb4 c5 62. Nd3 c4 63. Nb2 Rh3 64. Nd1 Kd4 65. Kc1 c3 66. Kb1 Rh1 67. Kc1 Kc4 0-1

[Event "Sarajevo Bosna op-B 43rd"]
[Site "Sarajevo"]
[Date "2013.06.06"]
[Round "7"]
[White "Zarkovic, Mila"]
[Black "Becirbasic, Atif"]
[Result "1-0"]
[WhiteElo "2099"]
[BlackElo "1875"]
[PlyCount "41"]
[EventDate "2013.06.01"]
[EventType "swiss"]
[EventRounds "9"]
[EventCountry "BIH"]
[SourceTitle "CBM 154 Extra"]
[Source "ChessBase"]
[SourceDate "2013.06.25"]
[SourceVersion "2"]
[SourceVersionDate "2013.06.25"]
[SourceQuality "1"]

1. e4 e5 2. d4 exd4 3. Qxd4 Nc6 4. Qe3 Nf6 5. Nc3 Bb4 6. Bd2 0-0 7. 0-0-0 Re8 8. Bc4 a6 9. Qg3 b5 10. Bd3 Ne5 11. f4 Nxd3+ 12. cxd3 Bb7 13. Nf3 c5 14. f5 d6 15. Rhe1 Rc8 16. e5 dxe5 17. Nxe5 Qa5 18. a3 Bxc3 19. Bxc3 b4 20. Nc4 Qa4 21. Bxf6 1-0